Biochemie

Bibliographic Details
Main Author: Koštíř, Josef (Author)
Format: Book
Language:Undetermined
PhysicalDescription:483 s.
Published: Praha Státní nakladatelství technické literatury 1955

MARC

LEADER 00000nam a2200000 a 4500
001 vtls001379882
003 SK-MaSNL
005 20260301011323.0
008 240313s1955 xx 0 und
035 |a SNK000333861 
040 |a SNK  |b slo  |c SNK  |e AACR2 
100 1 |a Koštíř, Josef  |4 aut  |9 294545 
245 1 |a Biochemie 
260 |a Praha  |b Státní nakladatelství technické literatury  |c 1955 
300 |a 483 s. 
999 |c 550552  |d 552482 
952 |t P60, <04>, [BOOK], {604}  |a SNK  |b SNK  |y VYP  |7 0  |p 17A0221842  |o snkIB 4925  |0 0  |1 0  |4 0  |d 1999-12-22  |l 0  |r 2005-01-02 00:00:00  |w 2026-02-23